20 Biggest world economies - Statistics

General Stats
  • This quiz has been taken 59 times
  • The average score is 27 of 30
Answer Stats
Hint Answer % Correct
Europe Germany
100%
Americas Brazil
98%
Asia China
98%
Europe France
98%
Asia India
96%
Double Russia
96%
Americas USA
96%
Americas Canada
94%
Europe Italy
94%
Asia Japan
94%
Americas Mexico
94%
Europe UK
94%
Americas Argentina
92%
Oceania Australia
92%
Africa South Africa
92%
Europe Spain
92%
Africa Egypt
88%
Double Turkey
88%
Middle East Iran
87%
Africa Nigeria
87%
Europe Poland
87%
Asia South Korea
87%
Asia Indonesia
85%
Middle East Saudi Arabia
85%
Asia Pakistan
81%
Asia Vietnam
79%
Europe Netherlands
77%
Asia Thailand
75%
Asia Taiwan
73%
Asia Philippines
69%
No matching quizzes found
Score Distribution
Percent of People with Each Score
Percentile by Number Answered
Your Score History
You have not taken this quiz